000 00535nam a22001697a 4500
005 20251108164702.0
008 250721s1997 xx 000 0 ara d
082 1 4 _a745.51/محم
100 1 _aالحسيني، محمد أحمد
245 1 0 _aفن خرط الخشب :
_bكل جديد في طرق فرط الخشب /
264 1 _aالقاهره :
_bمكتبة إبن سينا للنشر و التوزيع،
_c1997.
300 _a192ص
650 1 7 _aالنجارة
650 1 7 _aالأثاث
942 _2ddc
_cBK
999 _c11809
_d11809